Statistics for Guess 30 PSV footballers by image

Click here to take the quiz!

General Stats

  • This quiz has been taken 79 times
  • The average score is 22 of 30

Answer Stats

Answer% Correct
Memphis Depay
98%
Ruud Gullit
97%
Ruud van Nistelrooy
97%
Arjen Robben
94%
Ronald Koeman
94%
Ronaldo
92%
Mario Gotze
90%
Cody Gakpo
87%
Georginio Wijnaldum
87%
Luuk de Jong
87%
Patrick Kluivert
86%
Angelino
84%
Mark van Bommel
84%
Denzel Dumfries
83%
Oleksandr Zinchenko
81%
Park Ji-sung
81%
Thorgan Hazard
81%
Hirving Lozano
79%
Steven Bergwijn
79%
Romário
67%
Dries Mertens
59%
Phillip Cocu
59%
Kevin Strootman
57%
Andrés Guardado
54%
Alex
49%
Kostas Mitroglu
46%
Jaap Stam
41%
Jefferson Farfan
37%
Hans van Breukelen
22%
Willy van de Kerkhof/René van de Kerkhof
17%

Score Distribution

Percentile by Number Answered

Percent of People with Each Score

Your Score History

You have not taken this quiz